Sojourner Truth: Ain't I a Woman? / (Record no. 4741)

MARC details
000 -LEADER
fixed length control field 00943nam a22002897a 4500
001 - CONTROL NUMBER
control field 4741
003 - CONTROL NUMBER IDENTIFIER
control field FISKH
005 - DATE AND TIME OF LATEST TRANSACTION
control field 20241217124229.0
008 - FIXED-LENGTH DATA ELEMENTS--GENERAL INFORMATION
fixed length control field 240927b cb ||||| |||| 00| 0 eng d
020 ## - INTERNATIONAL STANDARD BOOK NUMBER
International Standard Book Number 9780590446914
040 ## - CATALOGING SOURCE
Original cataloging agency FISKH
Language of cataloging eng
Transcribing agency FISKH
Modifying agency FISKH
050 ## - LIBRARY OF CONGRESS CALL NUMBER
Classification number E185.T8
082 ## - DEWEY DECIMAL CLASSIFICATION NUMBER
Classification number 305.567092
100 ## - MAIN ENTRY--PERSONAL NAME
Personal name McKissack, Paricia C.
Relator term author
245 ## - TITLE STATEMENT
Title Sojourner Truth: Ain't I a Woman? /
Statement of responsibility, etc. by Patricia C.McKissack and Fredrick McKissack
260 ## - PUBLICATION, DISTRIBUTION, ETC.
Place of publication, distribution, etc. New York :
Name of publisher, distributor, etc. Scholastic ;
Date of publication, distribution, etc. 1992 .
300 ## - PHYSICAL DESCRIPTION
Extent 186 pages :
Other physical details illustrations ;
Dimensions 20 cm .
490 ## - SERIES STATEMENT
Series statement Scholastic Biography
505 ## - FORMATTED CONTENTS NOTE
Formatted contents note Z <br/>
520 ## - SUMMARY, ETC.
Summary, etc. A biography of the former slave who became well-known as an abolitionist and advocate of women's rights.
521 8# - TARGET AUDIENCE NOTE
Target audience note 960 <br/><br/>
Source Lexile <br/>
521 8# - TARGET AUDIENCE NOTE
Target audience note Z <br/>
Source Raz-Plus <br/>
650 ## - SUBJECT ADDED ENTRY--TOPICAL TERM
Topical term or geographic name entry element African American
Form subdivision non-fiction
700 ## - ADDED ENTRY--PERSONAL NAME
Personal name McKissack, Fredrick
Relator term illustrator
942 ## - ADDED ENTRY ELEMENTS (KOHA)
Source of classification or shelving scheme Dewey Decimal Classification
Koha item type Books
Suppress in OPAC No
Holdings
Withdrawn status Lost status Source of classification or shelving scheme Damaged status Not for loan Collection Home library Current library Shelving location Date acquired Total Checkouts Full call number Barcode Date last seen Copy number Price effective from Koha item type
    Dewey Decimal Classification     Non-Fiction Footprints International School Library Network Toul Kork Campus Footprints International School Library Network Toul Kork Campus TTP Secondary Non-Fiction Bookshelves 09/27/2024   MCK 305.567092 E185.T8 FIS00562 09/27/2024 1 09/27/2024 Books
    Dewey Decimal Classification     Non-Fiction Footprints International School Library Network Toul Kork Campus Footprints International School Library Network Toul Kork Campus TTP Secondary Non-Fiction Bookshelves 12/17/2024   MCK 305.567092 E185.T8 FISSE00561 12/17/2024 2 12/17/2024 Books